[Event "European Blitz-ch 2018"]
[Site "Skopje"]
[Date "2018.12.06"]
[Round "3"]
[White "Navara, David"]
[Black "Nestorovic, Nikola"]
[Result "1-0"]
[WhiteElo "2736"]
[BlackElo "2460"]
[Annotator "TA"]
[PlyCount "73"]
[EventDate "2018.12.06"]
[EventType "swiss"]
[EventCountry "MKD"]

{[%evp 16,73,-7,-4,-4,0,-2,-19,22,18,19,29,150,147,175,151,240,242,291,257,282,265,275,252,257,59,284,289,429,433,433,431,422,416,405,391,468,195,195,185,198,189,198,192,179,191,168,181,183,160,96,70,355,333,603,597,555,85,85,85]} 1. d4 Nf6 2. c4 e6 3. Nc3 Bb4 4. e3 O-O 5. Bd3 d5 6. cxd5 exd5 7. Nge2 b6 8. a3 {E48: Nimzo-Indian: Rubinstein: 5 Bd3 d5 including 6 Ne2, but excluding 6 a3} (8. O-O Re8 9. f3 c5 10. a3 Bxc3 11. bxc3 Ba6 12. Ng3 Bxd3 13. Qxd3 Nc6 14. Bb2 Rc8 15. Rae1 Qc7 16. e4 Ne7 17. e5 Nd7 18. a4 cxd4 19. cxd4 Qc2 20. Qxc2 Rxc2 21. Ba3 g6 22. Rc1 Ra2 23. Bxe7 Rxe7 {½-½ (64) Eljanov,P (2739)-Wang,Y (2737) Baku 2016}) 8... Bd6 9. b4 {LiveBook: 6 Games} a6 10. O-O {The position is equal.} Re8 11. f3 Bb7 12. Rb1 Nbd7 13. Qc2 $146 ({Predecessor:} 13. a4) 13... Bf8 (13... Rb8 $11 {keeps the balance.}) 14. e4 $16 g6 15. e5 Nh5 {[#]} (15... Nxe5 $16 {was called for.} 16. dxe5 Rxe5) 16. f4 $1 $18 f5 {[#]} 17. g4 $1 {[%mdl 512]} fxg4 {[#]} 18. Bxg6 $1 {[%mdl 512]} hxg6 19. Qxg6+ {[%mdl 64] Double Attack} Ng7 {White should prevent ...Qh4.} 20. f5 $2 (20. Qxg4 $18 Qc8 21. Qg3 (21. f5 Nxe5 22. Qg2 Nd7 $16)) 20... Qh4 $2 (20... Rxe5 $1 $14 21. f6 (21. dxe5 Nxe5 22. Qg5 Qxg5 $19) 21... Re6) 21. f6 {Strongly threatening Bh6.} Qh5 (21... Rxe5 {was necessary.} 22. fxg7 {[%mdl 64] Discovered Attack} (22. dxe5 Nxe5 23. f7+ Kh8 $16) 22... Bxg7) 22. f7+ Kh8 23. fxe8=Q ({Resist} 23. fxe8=B Rxe8 24. Qxh5+ Nxh5 $18) 23... Rxe8 24. Qxh5+ Nxh5 25. Rf7 Be7 26. e6 (26. Bh6 $142) 26... Nf8 {[#]} 27. Nf4 $1 {[%cal Rf4h5]} Nxf4 28. Bxf4 {Hoping for Be5+.} Nxe6 {Black wants to play ...Kg8.} 29. Be5+ Kg8 30. Rbf1 c5 {intending ...Bc6.} 31. Ne2 {R1f5 is the strong threat.} Bc8 32. bxc5 bxc5 33. Ng3 {Black must now prevent Nh5.} Bf8 $2 {[%mdl 8192]} (33... cxd4 $14 34. Nh5 Bc5) 34. Nh5 Ng5 $2 (34... Be7 35. Rxe7 {[%mdl 64] Remove Defender} Rxe7) 35. Rc7 {White wants to mate with Nf6+.} Be7 36. Rxe7 $2 (36. Ng7 $18 Rf8 37. Rxf8+ Kxf8 38. Rxc8+ Kf7 39. Nf5 cxd4 40. Nxd4) 36... Rxe7 $16 37. Nf6+ {[%mdl 64] Double Attack. Accuracy: White = 60%, Black = 31%.} 1-0

[Event "European Blitz-ch 2018"]
[Site "Skopje"]
[Date "2018.12.06"]
[Round "3"]
[White "Cheparinov, Ivan"]
[Black "Ristic, Nenad"]
[Result "1-0"]
[WhiteElo "2709"]
[BlackElo "2357"]
[Annotator "TA"]
[PlyCount "93"]
[EventDate "2018.12.06"]
[EventType "swiss"]
[EventCountry "MKD"]

{[%evp 28,93,15,10,25,31,14,25,87,26,60,41,45,52,54,35,90,88,96,57,70,49,81,66,63,63,79,71,79,-20,-43,-31,-20,-38,-38,-30,-27,-44,-20,-20,-17,-33,-15,-17,-24,-101,968,975,943,936,831,784,883,878,892,892,887,889,854,843,5687,1218,1191,1120,5728,5728,5687,5687]} 1. d4 Nf6 2. Nf3 g6 3. c4 Bg7 4. g3 O-O 5. Bg2 c5 6. Nc3 cxd4 7. Nxd4 Nc6 8. O-O Ng4 {[%cal Bf6g4,Bg4h6,Bh6f5][%mdl 32]} 9. e3 d6 10. b3 Nxd4 11. exd4 Nh6 12. Bb2 Nf5 13. Ne2 Rb8 14. a4 b6 {A39: Symmetrical English vs ...g6: 4 Bg2 Bg7 5 Nf3 Nf6 6 0-0 0-0 7 d4} 15. Qd2 {[#] LiveBook: 3 Games} Bb7 $146 ({Predecessor:} 15... e5 16. Rfd1 Be6 17. dxe5 dxe5 18. Bd5 Bxd5 19. Qxd5 Qg5 20. Qe4 Rfd8 21. Rab1 h5 22. h3 {0-1 (64) Nogueiras Santiago,J (2535)-Lesiege,A (2515) Quebec 1997}) 16. d5 Bxb2 {White is slightly better.} 17. Qxb2 a6 (17... e5 $11) 18. Rfd1 (18. Rfe1 $16) 18... Qd7 19. Nc3 {[%cal Be2c3,Bc3e4,Be4c5][%mdl 32]} e5 20. Ne4 f6 21. a5 b5 (21... Bc8 $14) 22. c5 dxc5 23. Nxc5 Qd6 24. Ne4 Qb4 25. Qd2 Qxd2 (25... Qxb3 26. Nc5 $16) 26. Rxd2 Nd4 {[#]} 27. Nc5 $1 Rfd8 28. Nxb7 (28. b4 $16) 28... Rxb7 $11 29. Rd3 Rc7 30. Re1 b4 $36 {[%mdl 2048] Black has good play.} 31. f4 Rc3 32. Rdd1 Nxb3 33. fxe5 fxe5 34. Rxe5 Nxa5 {White must now prevent ...Nc4.} 35. d6 $1 {[%cal Rd6d7] d7 is the strong threat.} Nc4 36. Bd5+ (36. Re6 $11 {keeps the balance.}) 36... Kh8 $2 {[%mdl 8192]} (36... Kf8 $17 37. Rf1+ Kg7 38. Rf7+ Kh6) 37. Bxc4 $1 $18 {White is clearly winning.} Rxc4 {[%mdl 4096] Endgame KRR-KRR} 38. d7 {White threatens Re8+ and mate.} Kg7 39. Re8 {[%mdl 64] [#] Trapped Piece} Rxd7 40. Rxd7+ Kh6 41. Rb7 a5 42. Ra8 Rc5 43. Kg2 Kg5 44. Rxh7 b3 45. Rb7 Rc2+ 46. Kh3 b2 47. Rab8 {Accuracy: White = 53%, Black = 32%.} 1-0

[Event "European Blitz-ch 2018"]
[Site "Skopje"]
[Date "2018.12.06"]
[Round "3"]
[White "Mamedov, Rauf"]
[Black "Maly, Alexey"]
[Result "1-0"]
[WhiteElo "2703"]
[BlackElo "2339"]
[Annotator "TA"]
[PlyCount "69"]
[EventDate "2018.12.06"]
[EventType "swiss"]
[EventCountry "MKD"]

{[%evp 19,68,88,91,82,110,120,228,219,233,237,260,266,269,263,360,341,952,1002,996,993,987,950,1016,1033,1000,999,1043,752,752,646,749,754,745,720,1221,849,827,820,730,504,827,822,802,790,1071,808,29985,29986,29995,29996,29999]} 1. e4 {[%cal Be2e4,Be4e5][%mdl 32]} c6 2. Ne2 d5 3. e5 c5 4. d4 Nc6 5. c3 Bf5 6. dxc5 {B12: Caro-Kann: Advance Variation} e6 (6... Nxe5 7. Nd4 Bd7 8. Qh5 Nc6 9. Qxd5 e6 10. Qc4 Rc8 11. Be2 Ne5 12. Qb3 Bxc5 13. O-O Qb6 {0-1 (80) Mamedov,R (2709)-Esipenko,A (2564) Riadh 2017}) 7. b4 Nxe5 8. Nd4 Bxb1 9. Bb5+ Nd7 10. Rxb1 Ngf6 {LiveBook: 3 Games} 11. Bf4 a6 $146 ({Predecessor:} 11... Be7 12. c6 bxc6 13. Bxc6 Rc8 {0-1 (33) Goris,T (2029)-Frick,C (2230) Bregenz 2016}) 12. Ba4 g6 (12... Rc8 $16 {was necessary.}) 13. O-O $18 Bg7 14. c6 bxc6 15. Nxc6 (15. Bxc6 Rc8 $14) 15... Qb6 {[#]} 16. c4 $1 {[%mdl 512]} dxc4 17. Ne5 ({Don't do} 17. Qd6 Bf8 $18) 17... Qa7 $2 (17... O-O) 18. Qd6 Bf8 19. Qc6 Rd8 20. Rbd1 Be7 21. Nxd7 Nxd7 22. Rxd7 Rxd7 23. Qc8+ {[%mdl 64] Pin} Bd8 24. Rd1 {[%cal Rd1d7][%mdl 64] Pin} ({Not} 24. Bxd7+ Qxd7 25. Qxa6 (25. Qxc4 g5 $16) 25... c3 $16) 24... O-O {White must now prevent ...Rxd1+.} 25. Rxd7 Qb6 26. Qxc4 Bh4 27. g3 Bf6 28. Be3 Qb8 29. Qf4 Be5 (29... Bc3 $142 30. Qc4 Qxb4 31. Qxa6 Qa5 32. Qxa5 Bxa5) 30. Qe4 Bg7 31. Bc5 Rc8 32. Bb3 Qb5 {[#]} 33. Rxf7 $1 {[%mdl 512] White mates.} Rd8 (33... Kxf7 34. Qxe6#) 34. Qxe6 {[%csl Gc5][%cal Rf7f8]} Re8 35. Rf8# {Accuracy: White = 92%, Black = 36%.} 1-0

[Event "European Blitz-ch 2018"]
[Site "Skopje"]
[Date "2018.12.06"]
[Round "3"]
[White "Saric, Ivan"]
[Black "Gokerkan, Cem Kaan"]
[Result "1-0"]
[WhiteElo "2695"]
[BlackElo "2420"]
[Annotator "TA"]
[PlyCount "66"]
[EventDate "2018.12.06"]
[EventType "swiss"]
[EventCountry "MKD"]

{[%evp 20,66,0,-24,14,-22,7,0,0,-6,5,7,11,5,14,-33,29,23,60,57,76,74,227,198,589,235,205,187,240,229,237,158,168,158,198,195,374,368,691,662,662,662,653,650,628,623,5135,5039,29990]} 1. e4 c5 2. Nf3 d6 3. g3 Nf6 4. d3 g6 5. Bg2 Bg7 6. O-O O-O 7. Re1 Nc6 8. c3 e5 9. a3 d5 10. Nbd2 {A05: Réti Opening: 1 Nf3 Nf6} (10. Bg5 dxe4 11. Bxf6 Qxf6 12. dxe4 Bg4 13. Qe2 c4 14. h3 Be6 15. a4 Na5 16. Na3 Rfd8 17. Rad1 Qe7 {1-0 (44) Triapishko,A (2508)-Malakhov,I (2423) Sochi 2018}) 10... dxe4 11. dxe4 {LiveBook: 3 Games} h6 12. b4 {The position is equal.} Re8 $146 ({Predecessor:} 12... Qe7 13. Nc4 Rd8 14. Qc2 b5 15. Ne3 Be6 16. Rb1 c4 17. a4 a6 18. axb5 axb5 {1-0 (39) Dias,P (2250)-Costa,P Maceira 1997}) 13. Qe2 Qc7 14. Nc4 Be6 15. Nfd2 b5 {Strongly threatening ...cxb4.} 16. Ne3 c4 17. a4 (17. Nd5 $5 {[%cal Rd5c7]} Qd7 18. Nxf6+ Bxf6 19. a4 $11) 17... a6 (17... Nd4 $15 18. cxd4 exd4) 18. Nd5 $11 Bxd5 19. exd5 {[%cal Be4d5,Bd5d6][%mdl 32]} Nd4 $1 {[%cal Rd4e2]} 20. Qd1 $1 Nf5 $2 (20... Rad8 $16 {was worth a try.}) 21. axb5 $18 axb5 $2 {[#]} (21... e4 {is tougher.}) 22. Rxa8 $2 (22. d6 $1 {[%mdl 512]} Nxd6 (22... Qxd6 23. Rxa8) 23. Rxa8) 22... Rxa8 {[#]} 23. d6 $1 $36 {[%cal Rd6c7][%mdl 2624] Discovered Attack. Black is under strong pressure.} Qb8 (23... Qa7 $142) (23... Qxd6 24. Bxa8) 24. Bxa8 Qxa8 25. Rxe5 {Hoping for Ne4!} Nxd6 26. Re1 Nd5 27. Qf3 Bxc3 $2 {[#]} (27... Nf5) 28. Rd1 $1 Qa4 $2 (28... Bxb4 29. Nf1 Nc7 30. Qxa8+ Nxa8) 29. Nb1 {White is clearly winning.} Bxb4 30. Qxd5 Qc2 31. Bxh6 Bc5 32. Rf1 Ne4 33. Nd2 Nc3 {Accuracy: White = 51%, Black = 21%.} 1-0

[Event "European Blitz-ch 2018"]
[Site "Skopje"]
[Date "2018.12.06"]
[Round "3"]
[White "Demchenko, Anton"]
[Black "Videnova, Iva"]
[Result "1-0"]
[WhiteElo "2679"]
[BlackElo "2322"]
[Annotator "TA"]
[PlyCount "71"]
[EventDate "2018.12.06"]
[EventType "swiss"]
[EventCountry "MKD"]
[SourceTitle "playchess.com"]
[Source "ChessBase"]
[SourceQuality "1"]

{[%evp 18,71,17,19,19,14,50,41,40,24,64,59,72,68,137,136,141,143,227,217,277,277,285,275,383,378,447,459,478,475,475,400,406,371,363,368,503,427,481,406,471,396,395,377,591,581,583,583,4994,2666,6016,5406,5390,1272,5214,789]} 1. e4 c5 2. Nf3 e6 3. g3 Nc6 4. Bg2 Nf6 5. Qe2 d5 6. exd5 {B40: Sicilian: 2...e6, Unusual lines} Nxd5 7. O-O Be7 8. Rd1 Nd4 9. Nxd4 cxd4 10. c4 {LiveBook: 9 Games} Nf6 11. d3 h6 $146 ({Predecessor:} 11... O-O 12. Nd2 Rb8 {1-0 (38) Stevic,H (2615)-Durakovic,A (2298) Schwarzach 2017}) 12. Na3 O-O 13. Bf4 a6 14. Nc2 a5 $1 15. b3 {[%cal Bb2b3,Bb3b4][%mdl 32]} Bd6 (15... Qb6 $14) 16. Be5 $36 {[%mdl 2048] White is in control.} Bc5 17. a3 Ne8 (17... Nd7 $16 {was worth a try.}) 18. b4 $18 f6 19. bxc5 fxe5 20. Qxe5 Ra6 21. Nxd4 Qf6 22. Qxf6 gxf6 23. Rab1 e5 24. Nc2 Nc7 25. Bxb7 Bxb7 26. Rxb7 Rc6 27. Ne3 Rxc5 28. Nf5 Kh7 29. Kf1 Kg6 30. Ne7+ Kf7 (30... Kh7 $142 31. h4 h5) 31. Nd5 {White is clearly winning.} Rc8 32. Rdb1 Ke6 33. R1b6+ Kd7 34. Nxf6+ Kd8 35. Ne4 Na8 36. Rd6+ {Accuracy: White = 65%, Black = 18%.} 1-0

[Event "European Blitz-ch 2018"]
[Site "Skopje"]
[Date "2018.12.06"]
[Round "3"]
[White "Van Foreest, Jorden"]
[Black "Maier, Christian"]
[Result "1-0"]
[WhiteElo "2614"]
[BlackElo "2340"]
[Annotator "TA"]
[PlyCount "63"]
[EventDate "2018.12.06"]
[EventType "swiss"]
[EventCountry "MKD"]
[SourceTitle "playchess.com"]
[Source "ChessBase"]
[SourceQuality "1"]

{[%evp 9,63,24,68,72,99,74,127,102,122,106,144,104,155,116,139,58,63,62,58,62,66,57,60,53,75,47,47,43,79,73,147,172,178,121,101,132,108,78,98,89,163,76,212,209,258,250,254,247,247,191,212,194,1462,1307,29988,29989]} 1. e4 e6 2. d4 d5 3. Nc3 Bb4 4. Bd3 Nc6 5. Nf3 Nge7 (5... Nf6 6. e5 Ne4 7. Bd2 Nxd2 8. Qxd2 f5 9. a3 Be7 10. h4 O-O 11. Ne2 b6 12. b4 a5 13. b5 Na7 14. Nf4 Qe8 15. c4 dxc4 16. Bxc4 Nxb5 {0-1 (44) Della Morte,G (2346)-Rodriguez Vila,A (2541) Villa Martelli 2012}) 6. O-O {C15: French: 3 Nc3 Bb4: Unusual White 4th moves} a6 7. e5 Nf5 (7... Bxc3 $142 8. bxc3 h6) 8. Ne2 $16 {White is better.} Be7 $146 ({Predecessor:} 8... h6 9. c3 Be7 10. g4 Nh4 11. Nxh4 Bxh4 12. f4 f5 13. exf6 Qxf6 {1-0 (32) Zecevic,D (2215)-Brkic,D (2143) Zagreb 2011}) 9. c3 Na7 10. Ng3 c5 (10... Nxg3 $142 11. fxg3 (11. hxg3 Bd7 $16) 11... c5) 11. dxc5 Nxg3 12. hxg3 (12. fxg3 $16 Bxc5+ 13. Kh1) 12... Bxc5 $14 13. Qa4+ Nc6 14. Qg4 Bf8 15. Bg5 Qc7 16. Rfe1 Bd7 17. b4 h6 18. Bd2 Na7 19. a4 $36 {[%mdl 2048] Keeping Black busy.} g5 (19... Nc6 $142) 20. b5 $16 Bg7 21. Rab1 (21. c4 $18 {Hoping for cxd5.} dxc4 22. Bxc4 (22. Qxc4 Qxc4 23. Bxc4 O-O $14)) 21... axb5 22. axb5 {Strongly threatening b6.} Nc8 23. Be3 {[%cal Bd2e3,Be3d4,Bd4c5][%mdl 32]} Nb6 24. Bd4 Rc8 {[#]} (24... Na4 $16) 25. Qh5 (25. Nd2 $1 $18 {and White stays clearly on top.}) 25... Nc4 (25... Na4 $16) 26. Rb4 $18 Qd8 27. Bxc4 Rxc4 28. Rxc4 dxc4 29. Bc5 Bxb5 30. Nd4 {[%cal Bf3d4,Bd4e6,Be6c7][%mdl 32]} Bc6 $2 (30... Bd7 31. Nf5 Bf8 32. Bxf8 Kxf8) 31. Nxe6 {[%mdl 64] [#] Double Attack} Qd5 32. Nc7+ {Accuracy: White = 59%, Black = 26%.} 1-0

[Event "European Blitz-ch 2018"]
[Site "Skopje"]
[Date "2018.12.06"]
[Round "3"]
[White "Banikas, Hristos"]
[Black "Ivic, Velimir"]
[Result "1-0"]
[WhiteElo "2601"]
[BlackElo "2497"]
[Annotator "TA"]
[PlyCount "55"]
[EventDate "2018.12.06"]
[EventType "swiss"]
[EventCountry "MKD"]
[SourceTitle "playchess.com"]
[Source "ChessBase"]
[SourceQuality "1"]

{[%evp 16,55,44,10,14,18,18,21,33,0,0,0,23,23,37,29,42,43,53,47,52,19,25,20,27,17,27,31,39,33,47,12,18,0,44,0,0,-3,68,81,2446,2402]} 1. d4 Nf6 2. c4 g6 3. Nf3 Bg7 4. g3 O-O 5. Bg2 d6 6. O-O Nc6 7. Nc3 e5 8. dxe5 {E62: King's Indian: Fianchetto: 6...c6 and Panno Variation (6...Nc6) without ...a6} (8. d5 Nb8 9. e4 a5 10. Ne1 Na6 11. Bg5 h6 12. Be3 Ng4 13. Bd2 f5 14. Nd3 b6 15. f3 Nf6 16. Be3 Nc5 17. Nxc5 bxc5 {0-1 (26) Ivanchuk,V (2714)-Amin,B (2709) Zagreb 2018}) 8... Nxe5 9. Qb3 {LiveBook: 4 Games} Nxf3+ 10. Bxf3 {The position is equal.} Nd7 11. Rd1 Nc5 12. Qc2 $146 ({Predecessor:} 12. Qa3 Re8 13. Bd2 Bf5 14. Rac1 a5 15. Nd5 c6 {1-0 (48) Tadic,B (2476)-Ratkovic,M (2407) Ruma 2017}) 12... Bf5 13. e4 Bh3 14. Be3 Qf6 15. Qe2 c6 16. Bd4 Qe7 17. Bxg7 Kxg7 18. Qd2 Rad8 19. Qd4+ Qe5 20. Rd2 a5 21. Rad1 {[#] Hoping for Qxe5+.} Ne6 22. Qe3 h5 23. Be2 g5 24. Na4 h4 25. Qc3 (25. c5 $5) 25... hxg3 26. hxg3 Rh8 (26... f6 $11) 27. Rxd6 $1 $14 {[%mdl 64] [#] Remove Defender} Rxd6 $4 {[%mdl 8192]} (27... Qxc3 $16 28. Nxc3 Rxd6 29. Rxd6 g4) 28. Qxe5+ {Accuracy: White = 49%, Black = 40%.} 1-0

[Event "European Blitz-ch 2018"]
[Site "Skopje"]
[Date "2018.12.06"]
[Round "3"]
[White "Bosiocic, Marin"]
[Black "De Filomeno, Simone"]
[Result "0-1"]
[WhiteElo "2599"]
[BlackElo "2436"]
[Annotator "TA"]
[PlyCount "145"]
[EventDate "2018.12.06"]
[EventType "swiss"]
[EventCountry "MKD"]
[SourceTitle "playchess.com"]
[Source "ChessBase"]
[SourceQuality "1"]

{[%evp 23,145,79,72,23,29,28,36,30,108,20,47,-37,0,-57,-52,-60,-49,-44,-41,-110,-110,-110,-110,-110,-110,-110,-110,-110,-110,-107,-107,-111,218,-100,-100,-99,-100,-104,-109,-101,-80,-112,-93,-112,-106,-108,-108,-122,-122,-131,-104,-131,-131,-131,-131,-131,-131,-131,-131,-131,-131,-131,-131,-131,-131,-131,-131,-131,-131,-139,-139,-139,-139,-139,-139,-139,-139,-139,-139,-139,-10,-139,-139,-139,-139,-139,-139,-139,-58,-58,-58,-58,0,0,0,0,0,0,0,0,0,0,0,0,0,0,0,0,0,0,0,0,0,0,0,0,0,0,0,-1268,-1075,-29985,-8,-1536]} 1. d4 d5 2. c4 e6 3. Nf3 Nf6 4. g3 Be7 5. Bg2 O-O 6. O-O dxc4 7. Qc2 a6 8. a4 Bd7 9. Qxc4 Bc6 10. Bg5 Bd5 11. Qc2 {E05: Open Catalan: 5 Nf3 Be7} Nc6 (11... Be4 12. Qc1 h6 13. Bxf6 Bxf6 14. Nbd2 Bxf3 15. Nxf3 a5 16. Rd1 c6 17. h4 Na6 18. Qf4 Qc7 19. Qg4 Rad8 20. Rac1 Nb4 {0-1 (45) Wei,Y (2729)-So,W (2780) chess.com INT 2018}) 12. Bxf6 gxf6 {LiveBook: 3 Games} 13. e3 $146 {White is better.} ({Predecessor:} 13. e4 Nb4 14. Qe2 Bc6 15. Nc3 b6 16. d5 Bb7 17. Rad1 Bd6 18. dxe6 fxe6 {1-0 (38) Harutjunyan,G (2428)-Ratsma,M (2253) Panevezys 2018}) 13... Nb4 14. Qe2 c5 15. Nc3 Bb3 (15... Bc6 $11 {remains equal.}) 16. Nd2 (16. dxc5 $16 {Nd4 is the strong threat.} Bxc5 17. Nd2) 16... Bc2 $11 17. Bxb7 (17. Qg4+ $14 Kh8 18. dxc5 (18. Bxb7 cxd4 19. Qxd4 Rb8 $15) 18... Bxc5 19. Qh5) 17... Rb8 18. Be4 (18. Bxa6 $11 cxd4 19. exd4) 18... cxd4 19. exd4 f5 $36 {[%mdl 2048] Black has some pressure.} 20. Bxc2 Nxc2 21. Rad1 (21. Ra2 $15) 21... Nxd4 $17 22. Qxa6 Rxb2 23. Qd3 Bf6 24. Nf3 Nxf3+ 25. Qxf3 Qa8 26. Qe3 Rb3 27. Rd3 Rc8 $2 {[%mdl 8192]} (27... Kg7 $17 {And now ...Rd8 would win.} 28. Ne2 Rxd3 29. Qxd3 Qxa4) 28. Ne2 $2 (28. Nd5 $18 Qxd5 29. Rxb3) 28... Rxd3 29. Qxd3 Qxa4 30. Nf4 Qc4 31. Qf3 Qe4 32. Qd1 Bg5 33. Qd7 Qc6 34. Qd4 Qc4 35. Qd6 Bxf4 36. gxf4 {[%mdl 4096] Endgame KQR-KQR} Qe4 37. f3 Qc6 38. Qe5 Qc5+ 39. Qxc5 Rxc5 {KR-KR} 40. Kg2 Kg7 41. Kg3 Rc2 42. Ra1 Rc8 43. Ra7 Kf6 44. Ra6 Rg8+ 45. Kf2 h5 46. h4 Rb8 47. Kg3 Rb1 48. Rc6 Rg1+ 49. Kf2 Rh1 50. Kg3 Rd1 51. Ra6 Rd4 (51... Kg7 $17 52. Ra8 Rd4) 52. Rb6 (52. Ra8 $1 $11) 52... Kg6 53. Ra6 Rd7 54. Rb6 Re7 55. Ra6 f6 (55... Rb7 $17 56. Ra8 Kg7) 56. Rb6 $15 Kg7 57. Ra6 e5 (57... Kf7 $15) 58. fxe5 $11 fxe5 59. Rb6 Rd7 60. Re6 Rd5 61. Kg2 Rd2+ 62. Kh3 Re2 63. Ra6 f4 64. Ra7+ Kg6 65. Ra6+ Kf5 66. Rh6 Re3 67. Rxh5+ Kf6 68. Kg4 Re1 {[#] Strongly threatening ...Rg1+.} 69. Rf5+ Ke6 {( -> ...Rg1+)} 70. Rg5 Rg1+ 71. Kh5 $2 {[%mdl 8192] [#]} (71. Kh3 $11 Rh1+ 72. Kg4) 71... Rg3 $1 $19 {[%cal Rg3f3]} 72. Rg6+ Kd5 $2 (72... Rxg6 {mates} 73. Kxg6 e4 74. h5 exf3 75. h6 f2 76. h7 f1=Q 77. Kg5 Qf2 78. h8=Q Qg3+ 79. Kh5 Qh3+ 80. Kg5 Qxh8 81. Kxf4 Qe5+ 82. Kf3 Kf5 83. Kg2 Qe2+ 84. Kh1 Kf4 85. Kg1 Kg3 86. Kh1 Qh2#) 73. Rg4 $2 {[%mdl 8192] Precision: White = 47%, Black = 51%.} (73. Ra6 $11) 0-1

[Event "European Blitz-ch 2018"]
[Site "Skopje"]
[Date "2018.12.06"]
[Round "3"]
[White "Georgiev, Kiril"]
[Black "Kutirov, Rolando"]
[Result "1-0"]
[WhiteElo "2595"]
[BlackElo "2316"]
[Annotator "TA"]
[PlyCount "97"]
[EventDate "2018.12.06"]
[EventType "swiss"]
[EventCountry "MKD"]
[SourceTitle "playchess.com"]
[Source "ChessBase"]
[SourceQuality "1"]

{[%evp 10,97,7,4,31,21,22,22,43,38,35,35,53,53,45,21,31,26,21,20,33,27,25,33,25,31,29,19,35,34,38,33,41,35,74,62,103,0,318,119,372,384,382,371,372,326,359,359,355,311,447,434,446,445,441,414,402,356,439,356,687,697,843,797,816,777,933,884,875,872,1193,1174,2491,2366,2004,1901,1879,1825,29977,29978,5098,2641,2641,1211,2241,1190,6295,6214,29992,29993]} 1. d4 d5 2. Nf3 Nf6 3. Bf4 c5 4. e3 Nc6 5. c3 Bg4 6. Nbd2 {LiveBook: 64 Games. D02: 1 d4 d5 2 Nf3 sidelines, including 2...Nf6 3 g3 and 2...Nf6 3 Bf4} (6. Qb3 Qc8 7. Ne5 c4 8. Qa4 Bd7 9. Nxd7 Qxd7 10. b3 cxb3 11. axb3 e6 12. Bb5 Bd6 13. Bxc6 bxc6 14. Bxd6 Qxd6 {1-0 (53) Nakamura,H (2781)-Shimanov,A (2641) chess.com INT 2018}) 6... Bxf3 7. Nxf3 e6 8. Qb3 {The position is equal.} Qb6 9. Qxb6 axb6 10. Bb5 Nd7 11. O-O $146 ({Predecessor:} 11. Ne5 Ndxe5 12. Bxe5 Kd7 13. Ke2 Bd6 14. Bxd6 Kxd6 {1-0 (44) Kreuzer,H (2064)-Wutz,C (2220) Bayern 2015}) 11... Be7 12. a4 O-O 13. Rfd1 Rfc8 14. g4 h6 15. h4 {[%cal Bh2h4,Bh4g5][%mdl 32]} Nf6 16. g5 $36 {[%mdl 2048] White is pushing.} hxg5 17. hxg5 Ne4 18. Kg2 Bd6 19. Rh1 Bxf4 20. exf4 Nd6 21. Bxc6 bxc6 22. Ne5 cxd4 {[#]} 23. cxd4 ({Only move:} 23. Rh3 $1 $16) 23... g6 $2 {[%mdl 8192]} (23... Nf5 $11) 24. b3 $2 (24. Rh3 $18 {is more deadly.}) 24... Kf8 $2 {[%mdl 8192]} (24... Kg7 $16 {is a better defense.}) 25. Nd7+ $18 {[%mdl 64] Double Attack} Ke7 26. Nxb6 {[%mdl 64] Double Attack} Nf5 27. Rhd1 ({Don't do} 27. Nxa8 Rxa8 28. Rhd1 Kd6 $18) ({Much less strong is} 27. Nxc8+ Rxc8 28. Rhd1 Kd6 $18) 27... Rcb8 28. Nxa8 Rxa8 {[%mdl 4096] Endgame KRR-KRN} 29. a5 Ra6 (29... Rb8 $142 30. a6 Ra8) 30. b4 Nd6 31. Kf3 Nb5 32. Ke3 Ra8 33. Rac1 Kd6 34. Rh1 Ra7 $2 (34... Kd7 35. Rh7 Nd6) 35. Rh8 Na3 36. Rc8 Nc4+ 37. Kd3 Nb2+ 38. Kc3 Nc4 39. Rh1 Rb7 40. Rhh8 Na3 41. Rhd8+ Ke7 42. Rb8 Nb5+ 43. Kd3 Rc7 44. Re8+ Kd6 45. Rbd8+ Rd7 46. Rxd7+ Kxd7 47. Rh8 Nd6 48. a6 {[%cal Ba5a6,Ba6a7][%mdl 32] [#] a7 would kill now.} Kc7 49. a7 {Accuracy: White = 67%, Black = 22%.} 1-0

[Event "European Blitz-ch 2018"]
[Site "Skopje"]
[Date "2018.12.06"]
[Round "3"]
[White "Esipenko, Andrey"]
[Black "Danov, Lyubomir"]
[Result "1-0"]
[WhiteElo "2593"]
[BlackElo "2353"]
[Annotator "TA"]
[PlyCount "77"]
[EventDate "2018.12.06"]
[EventType "swiss"]
[EventCountry "MKD"]
[SourceTitle "playchess.com"]
[Source "ChessBase"]
[SourceQuality "1"]

{[%evp 12,77,31,18,37,24,33,35,27,29,39,40,40,0,0,0,27,21,23,24,1,16,30,22,33,14,16,11,38,14,37,29,68,48,90,77,83,82,79,57,409,391,552,532,527,531,511,502,547,528,587,577,648,642,635,634,629,507,753,729,1093,1035,1633,1569,1954,1722,29982,29982]} 1. d4 g6 2. Nf3 Bg7 3. g3 c5 4. c3 Qa5 5. Bg2 (5. Nbd2 cxd4 6. Nb3 Qb6 7. Nbxd4 Nf6 8. Bg2 Nc6 9. O-O O-O 10. Qb3 Qc7 11. Qa4 Rb8 12. Nb5 Qb6 13. c4 {1-0 (37) Duda,J (2724)-Heberla,B (2570) Zgierz 2018}) 5... cxd4 6. Nxd4 {A40: Unusual replies to 1 d4} Nc6 7. O-O {LiveBook: 7 Games} h5 $146 ({Predecessor:} 7... Nf6 8. Nd2 O-O 9. N2b3 Qc7 10. e4 d6 11. h3 Bd7 12. Be3 Bc8 {½-½ (12) Dizdarevic,E (2541)-Chatalbashev,B (2545) Maribor 2015}) 8. h3 {White is slightly better.} Nf6 9. e4 O-O 10. Be3 d6 11. Nd2 Bd7 12. N2b3 Qc7 13. f4 Rac8 14. Qe2 a6 15. f5 Ne5 16. Nd2 b5 17. Rac1 Qb8 18. Kh1 a5 19. Bg5 Qb6 20. N2f3 b4 21. c4 Rc5 22. b3 Qb7 23. Rce1 Re8 24. Nxe5 dxe5 25. Nf3 {[%cal Bd4f3,Bf3e5,Be5g6,Bg6f4,Bf4d5][%mdl 32]} Rcc8 $2 {[%mdl 8192] [#]} (25... a4 $14) 26. Nxe5 $18 a4 (26... Rc5 $142) 27. fxg6 fxg6 28. Nxg6 Bc6 29. Nf4 axb3 30. axb3 Rcd8 31. Nd5 Rf8 32. Bxf6 exf6 33. Qxh5 Qf7 34. Qf3 Bxd5 35. exd5 {[%cal Be4d5,Bd5d6][%mdl 32]} Rfe8 36. c5 Rxe1 37. Rxe1 Qc7 38. Qf2 Ra8 39. d6 {[%mdl 64] Discovered Attack (Double check). Accuracy: White = 78%, Black = 30%.} 1-0